00541nam a2200169Ia 4500008004100000020002400041040001900065041001200084082002500096100002300121245012500144260002900269300002300298650002200321651001000343850001800353131103s9999 xx 000 0 und d a8184082754cRs 1995 aLoreto College aEnglish a025/MAXbLCLIB/47810 aMaxwell, Robert L. aMaxwell's Handbook for AACR2b Explaining and illustrating the Anglo-American Cataloguing Rules through the 2003 Update  aNew DelhibIndianac2009 axxii,519p c 24 cm aCataloguing Rules aAACR2 aLCLIB/025/MAX